Großstädte Portugals - Statistiken

Allgemein
  • Dieses Quiz wurde 189 mal gespielt
  • Das Durchschnittsergebnis liegt bei 5 aus 9
Antwortstatistiken
Region Einwohner Stadt % Korrekt
Lissabon 507 k Lissabon
99%
Nord 238 k Porto
99%
Nord 182 k Braga
74%
Madeira 112 k Funchal
73%
Mitte 143 k Coimbra
53%
Lissabon 118 k Setúbal
45%
Nord 187 k Vila Nova de Gaia
36%
Lissabon 175 k Amadora
32%
Lissabon 109 k Almada
28%
Keine übereinstimmenden Quizze gefunden
Verteilung der Resultate
Anzahl Personen mit jedem Resultat
Perzentil nach korrekt beantworteten Fragen
Ihre Resultats-Entwicklung
Sie haben dieses Quiz noch nicht gespielt